Don't Prick the Porcupine Quiz Stats

 Plays Quiz Updated Jan 10, 2014

Also try: Happy Animals!
Challenge
Share
Tweet
Score 0/24 Timer 03:00
0 Plays Today
Animal % Correct
Dog
99.6%
Tiger
99%
Snake
98.9%
Cat
98.7%
Elephant
98.8%
Horse
98.5%
Giraffe
98.4%
Bear
98.3%
Owl
98.3%
Penguin
98.3%
Lion
98.3%
Pig
98.1%
Animal % Correct
Bunny
98.1%
Monkey
97.7%
Flamingo
97.6%
Octopus
97.3%
Frog
97.3%
Turkey
97.1%
Alligator
96.5%
Rooster
96%
Sea Lion
94.9%
Squirrel
94.4%
Turtle
93.7%
Parrot
93.7%

You're not logged in!

Compare scores with friends on all Sporcle quizzes.
OR
Log In

You Might Also Like...

Show Comments

Extras

Top Quizzes Today


Score Distribution

Your Account Isn't Verified!

In order to create a playlist on Sporcle, you need to verify the email address you used during registration. Go to your Sporcle Settings to finish the process.

Report this User

Report this user for behavior that violates our Community Guidelines.

Details: